书目信息 |
| 题名: |
比较体育
|
|
| 作者: | 《比较体育》编写组编 | |
| 分册: | ||
| 出版信息: | 成都 电子科技大学出版社 1990 |
|
| 页数: | 360页 | |
| 开本: | 20cm | |
| 丛书名: | 体育爱好者丛书 | |
| 单 册: | ||
| 中图分类: | G80 | |
| 科图分类: | ||
| 主题词: | 比较体育学 | |
| 电子资源: | ||
| ISBN: | 7-81016-242-X | |
| 000 | 00764oam2 2200241 45 | |
| 001 | 012006042801 | |
| 005 | 20070106085427.18 | |
| 010 | @a7-81016-242-X@dCNY23.50 | |
| 092 | @aCN@b492501 | |
| 100 | @a20060428e20051990em y0chiy0120 ea | |
| 101 | 0 | @achi |
| 102 | @aCN@b510000 | |
| 105 | @ay z 000yy | |
| 200 | 1 | @a比较体育@9bi jiao ti yu@f《比较体育》编写组编@F《bi jiao ti yu》bian xie zu bian |
| 210 | @a成都@c电子科技大学出版社@d1990@h2005重印 | |
| 215 | @a360页@d20cm | |
| 225 | 2 | @a体育爱好者丛书 |
| 330 | @a本书主要介绍了比较体育的形成与发展;比较体育的概念、特征、目的和任务;比较体育研究的原则与方法等。 | |
| 461 | 0 | @12001 @a体育爱好者丛书 |
| 606 | 0 | @a比较体育学 |
| 690 | @aG80@v4 | |
| 801 | 0 | @aCN@bLZJBOOK@c20070106 |
| 905 | @a10447@dG80@e242 | |
| 比较体育/《比较体育》编写组编.-成都:电子科技大学出版社,1990(2005重印) |
| 360页;20cm.-(体育爱好者丛书) |
| ISBN 7-81016-242-X:CNY23.50 |
| 本书主要介绍了比较体育的形成与发展;比较体育的概念、特征、目的和任务;比较体育研究的原则与方法等。 |
| ● |
| 相关链接 |
|
|
|
|
正题名:比较体育
索取号:G80/242
 
预约/预借
| 序号 | 登录号 | 条形码 | 馆藏地/架位号 | 状态 | 备注 |
| 1 | 0557140 | 205571406 | 第一样本阅览室/ [索取号:G80/242] | 在馆 | |
| 2 | 0557141 | 205571415 | 第四借阅区/ [索取号:G80/242] | 在馆 | |
| 3 | 0557142 | 205571424 | 第四借阅区/ [索取号:G80/242] | 在馆 | |
| 4 | 0557143 | 205571433 | 第四借阅区/ [索取号:G80/242] | 在馆 | |
| 5 | 0557144 | 205571442 | 密集书库/ [索取号:G80/242] | 在馆 | |
| 6 | 0557145 | 205571451 | 密集书库/ [索取号:G80/242] | 在馆 | |
| 7 | 0557146 | 205571460 | 密集书库/ [索取号:G80/242] | 在馆 | |
| 8 | 0557147 | 205571479 | 第四借阅区/ [索取号:G80/242] | 在馆 |